000 00560nam a2200181 i 4500
001 41065
003 ES-MaACL
005 20250803064615.0
007 t|
008 030307s1957 sp |||| |dspa d
100 1 _aCarpintero, Helio (
_d1939-)
_9172420
245 1 0 _aBécquer de par en par /
_cHeliodoro Carpintero.
260 _aMadrid :
_bÍnsula,
_c1957 (
_fS. Aguirre Torre)
300 _a175 p. ;
_c20 cm.
600 1 4 _aBécquer, Gustavo Adolfo,
_d1836-1870-
_xCrítica e interpretación
_926977
852 _aES-MaACL
_jC-14224
999 _c41065
_d41065